000 00693nam a22002297a 4500
001 13846
003 BD-JhCC
005 20240423083028.0
008 180206s1995 b |||| ||a| 000 0 b d
020 _a9844150175
035 _a(BD-JhCC)13846
040 _aBD-JhCC
_dBD-JhCC
041 _abengali
082 _a891.443
_bBAN 1995
100 _aবন্দ্যোপাধ্যায়,মানিক
245 _aশ্রেষ্ঠ উপন্যাস /
_c মানিক বন্দ্যোপাধ্যায় ।
260 _aঢাকা :
_bঅবসর;
_c1995.
300 _a751 p. :
_c22 cm.
650 _aBengali Novel.
942 _2ddc
_cBK
999 _c13846
_d13846